000 00583nam a2200229Ia 4500
003 OSt
005 20220923230514.0
006 a|||||r|||| 00| 0
007 ta
008 Pun
024 _a282,621
037 _cTextual
040 _aARTS
_cARTS
_bPun
041 _2Pun
_aPun
082 _aO153,3NBALx, N6
100 _aਸਿੰਘ, ਬਲਦੇਵ
245 0 _aਦੂਸਰੀ ਮਾਂ
260 _c1996
650 _aਪੰਜਾਬੀ ਸਾਹਿਤ
942 _hO153,3NBALx, N6
_cTEXL
_2CC
999 _c385316
_d385316